Представление документа в формате RUSMARC

ПолеНазваниеЗначение
  Тип записи a
  Библиографический уровень a
001 Контрольный номер RU/CBS_UL/BASE/24fd8844249c4a9dae47b3b6b2f29f71
005 Дата корректировки 20260312164132.5
100 Данные общей обработки __
a Данные общей обработки 20260312 ||| 0rusy0189 ca
101 Язык документа 0_
a Язык текста rus
102 Страна публикации __
a Страна публикации RU
200 Заглавие и сведения об ответственности 1_
a Заглавие Афганские пленники
e Сведения, относящиеся к заглавию [захваченные в плен советские военнослужащие во время Афганской войны]
f Первые сведения об ответственности О. Покровский
300 Общие примечания __
a Общие примечания 16+
461 Уровень набора _0
1 2000
a Тайны СССР
463 Уровень физической единицы _0
1 2000
a № 3
v С. 8-9 : фото
1 2101
d 2026
1 001RU/CBS_UL/BASE/5aca11eee4bb4e4e94793d6071dec1b4
606 Тематические рубрики 0_
a Основная рубрика Война в Афганистане - 1979-1989 - Герои и участники
610 Ключевые слова 0_
a Ключевые слова война в Афганистане
610 Ключевые слова 0_
a Ключевые слова Афганская война
610 Ключевые слова 0_
a Ключевые слова вывод советских войск из Афганистана
610 Ключевые слова 0_
a Ключевые слова советские военнопленные в Афганистане
610 Ключевые слова 0_
a Ключевые слова пропавшие без вести в Афганистане
610 Ключевые слова 0_
a Ключевые слова участие СССР в Афганской войне
610 Ключевые слова 0_
a Ключевые слова участники Афганской войны
686 Индексы других классификаций __
2 Код системы rubbk
a Классификационный индекс 63.3(2)633-68
700 Автор _1
a Фамилия Покровский
b Имя (инициалы) О.
801 Источник записи _0
a Страна RU
b Организация МБУК ЦБС г. Ульяновска
c Дата составления 20260312
g Правила каталогизации RCR
801 Источник записи _1
a Страна RU
b Организация МБУК ЦБС г. Ульяновска
c Дата составления 20260312
g Правила каталогизации RCR
901 Тип документа __
t Тип документа b
w Контрольный № источника RU/CBS_UL/BASE/5aca11eee4bb4e4e94793d6071dec1b4
909 Создатель записи __
a Создатель записи lib2